[Event "8th Gibtelecom Masters"]
[Site "Caleta ENG"]
[Date "2010.01.26"]
[Round "1"]
[White "Cheparinov,I"]
[Black "Lyell,M"]
[Result "1-0"]
[WhiteElo "2660"]
[BlackElo "2224"]
[EventDate "2010.01.26"]

1. e4 e5 2. Nf3 Nc6 3. Bb5 f5 4. d3 fxe4 5. dxe4 Nf6 6. O-O Bc5 7. Qd3 Qe7
8. Nc3 a6 9. Ba4 Nd4 10. Nxd4 Bxd4 11. Bg5 c6 12. Ne2 Bc5 13. Ng3 d6 14.
Kh1 O-O 15. Nh5 Qe8 16. Bb3+ Kh8 17. Nxf6 Qg6 18. Nxh7 Kxh7 19. f4 Bg4 20.
Qg3 Qh5 21. h3 Be2 22. f5 Bxf1 23. Rxf1 Rae8 24. c3 d5 25. Bd1 Bf2 26. Bxh5
Bxg3 27. Bxe8 Rxe8 28. Rf3 Bf4 29. Bxf4 dxe4 30. Rf1 exf4 31. Rxf4 e3 32.
Rf1 Kh6 33. Kh2 Kg5 34. Kg3 Rd8 35. h4+ Kf6 36. Kf3 Rd2 37. g4 Rxb2 38.
Kxe3 Rxa2 39. g5+ Ke7 40. Kf4 Ra4+ 41. Kg3 Rc4 42. Rf3 a5 43. h5 Kf7 44. f6
gxf6 45. Rxf6+ Kg8 46. h6 Re4 47. g6 Re8 48. Kg4 a4 49. Kg5 1-0

[Event "8th Gibtelecom Masters"]
[Site "Caleta ENG"]
[Date "2010.01.26"]
[Round "1"]
[White "Vea,O"]
[Black "Shankland,S"]
[Result "0-1"]
[WhiteElo "2189"]
[BlackElo "2491"]
[EventDate "2010.01.26"]

1. d4 Nf6 2. Nf3 g6 3. Bf4 Bg7 4. e3 d6 5. h3 O-O 6. Be2 b6 7. O-O Bb7 8.
Nbd2 Nbd7 9. c3 h6 10. Bh2 Kh7 11. Bd3 Qe8 12. Qe2 a6 13. Nc4 Nh5 14. Nh4
Kg8 15. g4 Nhf6 16. f4 e6 17. e4 Bxe4 18. Rae1 d5 19. Nd2 Qd8 20. Ng2 c5
21. Kh1 cxd4 22. cxd4 Bxd3 23. Qxd3 Ne4 24. Nxe4 dxe4 25. Qxe4 Nf6 26. Qe3
Re8 27. Rd1 Qd5 28. b3 Rac8 29. Rc1 h5 30. g5 Ne4 31. Bg1 Nd6 32. Qd3 Nf5
33. Kh2 Bxd4 34. Bxd4 Nxd4 35. Qxa6 Ra8 36. Qc4 Rxa2 37. Qxd5 exd5 38. Rcd1
Ree2 0-1

[Event "8th Gibtelecom Masters"]
[Site "Caleta ENG"]
[Date "2010.01.26"]
[Round "1"]
[White "Cabrera Trujillo,J"]
[Black "Lasinskas,P"]
[Result "1/2-1/2"]
[WhiteElo "2384"]
[BlackElo "2174"]
[EventDate "2010.01.26"]

1. e4 e5 2. Nf3 Nc6 3. Bb5 a6 4. Ba4 d6 5. c3 Bd7 6. O-O Nge7 7. d4 g6 8.
d5 Nb8 9. c4 Bg7 10. Nc3 O-O 11. Bxd7 Nxd7 12. Be3 h6 13. Nd2 f5 14. f3 f4
15. Bf2 g5 16. g4 fxg3 17. hxg3 Nf6 18. Kg2 g4 19. fxg4 Qd7 20. Qe2 Nxg4
21. Nd1 Rf6 22. Ne3 Nxe3+ 23. Bxe3 Raf8 24. Rxf6 Rxf6 25. b3 Ng6 26. Rh1
Nf8 27. Nf1 Nh7 28. Bd2 Rg6 29. Ne3 Nf6 30. Nf5 h5 31. Rh4 Bf8 32. a4 Qf7
33. a5 Rg4 34. Rxg4+ Nxg4 35. b4 Qg6 36. b5 Nf6 37. Kf2 Kh7 38. Qf3 Bh6 39.
Bxh6 Ng4+ 40. Ke2 Nxh6 41. bxa6 bxa6 42. Ne3 Ng4 43. Nd1 Kg7 44. Nc3 Qg5
45. Na2 1/2-1/2

[Event "8th Gibtelecom Masters"]
[Site "Caleta ENG"]
[Date "2010.01.26"]
[Round "1"]
[White "Sedina,E"]
[Black "Weber,Franc ESP"]
[Result "1-0"]
[WhiteElo "2335"]
[BlackElo "2149"]
[EventDate "2010.01.26"]

1. e4 e5 2. Nf3 Nc6 3. Nc3 Nf6 4. g3 d5 5. exd5 Nxd5 6. Bg2 Be6 7. O-O Be7
8. Re1 Nxc3 9. bxc3 Bf6 10. Ba3 Qd7 11. Rb1 O-O-O 12. Qe2 Na5 13. Nxe5 Qa4
14. Bb4 c6 15. Qe3 Bxe5 16. Qxa7 Bc7 17. Bxa5 Qxa5 18. Qxb7+ Kd7 19. Qxc6+
Ke7 20. Rb5 Rd6 21. Qb7 Qxb5 22. Qxb5 Rb8 23. Qe2 Kf8 24. d4 Re8 25. Qd3 g6
26. c4 Kg7 27. d5 1-0

[Event "8th Gibtelecom Masters"]
[Site "Caleta ENG"]
[Date "2010.01.26"]
[Round "1"]
[White "Molina,Ant1"]
[Black "Kantans,T"]
[Result "1-0"]
[WhiteElo "2148"]
[BlackElo "2304"]
[EventDate "2010.01.26"]

1. d4 e6 2. c4 b6 3. e4 Bb7 4. Nc3 Bb4 5. f3 f5 6. exf5 Nh6 7. fxe6 O-O 8.
Be3 dxe6 9. Qd2 Nf5 10. O-O-O Nc6 11. Nge2 Na5 12. Ng3 Nd6 13. b3 Qf6 14.
Kb2 Nf7 15. a3 Bd6 16. Nce4 Qe7 17. c5 Bxg3 18. hxg3 e5 19. Qc2 Rfd8 20. b4
exd4 21. Bxd4 Nc6 22. Bc3 Rxd1 23. Qxd1 Nce5 24. Qc2 a5 25. Rh5 axb4 26.
Bxb4 Nc6 27. Bc4 Nxb4 28. axb4 g6 29. Rh4 Kg7 30. Bxf7 Bxe4 31. Qc3+ 1-0

[Event "8th Gibtelecom Masters"]
[Site "Caleta ENG"]
[Date "2010.01.26"]
[Round "1"]
[White "Meskovs,N"]
[Black "Daoudi,K"]
[Result "0-1"]
[WhiteElo "2264"]
[BlackElo "2142"]
[EventDate "2010.01.26"]

1. d4 Nf6 2. c4 e6 3. Nc3 d5 4. cxd5 exd5 5. Bg5 Nbd7 6. e3 Be7 7. Bd3 c6
8. Qc2 Nh5 9. Bxe7 Qxe7 10. Nge2 g6 11. Rc1 Nb6 12. a3 Be6 13. Na4 f6 14.
Nc5 Bf7 15. g4 Ng7 16. h4 Nc4 17. Nf4 O-O-O 18. b3 Nd6 19. h5 g5 20. Ne2 h6
21. Ng3 Kb8 22. Qe2 Ne6 23. b4 Rhe8 24. Kf1 Nxc5 25. bxc5 Ne4 26. Bxe4 dxe4
27. Nf5 Qf8 28. Rb1 Be6 29. Qa6 Qf7 30. Qxc6 Bxf5 31. gxf5 Re7 32. Qa4 Qd5
33. Qa5 Rg8 34. Qa6 Qxf5 35. Qd6+ Rc7 36. Ke1 g4 37. Rf1 Kc8 38. Rg1 Rc6
39. Qg3 Qxh5 40. Qf4 Re6 41. Kd2 Qg5 42. Rh1 h5 43. Rb3 f5 44. Qh2 Rd8 45.
Kc3 Rh8 46. Kc2 Qf6 47. Rhb1 Rh7 48. Rb5 f4 49. d5 Re5 50. c6 Rxd5 51. Rxd5
Qxc6+ 52. Kb2 Qxd5 53. Qxf4 b6 54. Rc1+ Kb7 55. Rd1 Qb5+ 56. Ka1 Qa4 57.
Rd4 Qxa3+ 58. Kb1 Qb3+ 59. Ka1 Re7 60. Rd8 Qa3+ 61. Kb1 Qb4+ 0-1

[Event "8th Gibtelecom Masters"]
[Site "Caleta ENG"]
[Date "2010.01.26"]
[Round "1"]
[White "Mortensen,Hen"]
[Black "Ortega Valle,J"]
[Result "1-0"]
[WhiteElo "2015"]
[BlackElo "2054"]
[EventDate "2010.01.26"]

1. e4 g6 2. d4 Bg7 3. Nc3 a6 4. Be3 b5 5. Qd2 Bb7 6. f3 d6 7. a4 b4 8. Nd1
a5 9. c3 bxc3 10. Nxc3 Na6 11. Bc4 Nf6 12. Bh6 O-O 13. Bxg7 Kxg7 14. h4 h5
15. g4 Rh8 16. g5 Nd7 17. Nge2 Nb4 18. O-O Nb6 19. Bb3 Qd7 20. Qf4 Rhf8 21.
Rad1 Ba6 22. Qh2 Bc4 23. Bxc4 Nxc4 24. Ra1 Nxb2 25. Nf4 N2d3 26. Nxd3 Nxd3
27. Qd2 Nb4 28. d5 c5 29. Ra3 Qh3 30. Qh2 Qxh2+ 31. Kxh2 Rab8 32. Nb5 Nc2
33. Rc3 Nb4 34. Kg3 Rfc8 35. Kf2 f6 36. gxf6+ Kxf6 37. f4 Rb6 38. Rg1 Rg8
39. Rcg3 c4 40. Ke3 Nd3 41. Rg5 Nc5 42. f5 Nxa4 43. fxg6 Kg7 44. Nd4 Rb3+
45. Nxb3 cxb3 46. Rxh5 Rb8 47. Rh7+ Kg8 48. Rh5 b2 49. g7 Kf7 50. g8=Q+
Rxg8 51. Rf5+ 1-0

[Event "8th Gibtelecom Masters"]
[Site "Caleta ENG"]
[Date "2010.01.27"]
[Round "2"]
[White "Cmilyte,V"]
[Black "Movsesian,S"]
[Result "1/2-1/2"]
[WhiteElo "2489"]
[BlackElo "2708"]
[EventDate "2010.01.26"]

1. d4 Nf6 2. c4 e6 3. Nc3 Bb4 4. Qc2 O-O 5. a3 Bxc3+ 6. Qxc3 d5 7. Nf3 dxc4
8. Qxc4 b6 9. Bg5 Ba6 10. Qc2 Nbd7 11. Rd1 h6 12. Bxf6 Nxf6 13. e3 Bxf1 14.
Kxf1 Qd5 15. Ke2 Rac8 16. Rc1 c5 17. dxc5 Rxc5 18. Qd2 Qxd2+ 19. Nxd2 Rfc8
20. Nb3 Rxc1 21. Rxc1 Rxc1 22. Nxc1 Kf8 23. Nd3 Nd7 24. e4 Ke7 25. Ke3 e5
26. g3 Kd6 27. b3 Nc5 28. Nxc5 Kxc5 29. Kd3 b5 30. b4+ Kd6 31. Ke3 f6
1/2-1/2

[Event "8th Gibtelecom Masters"]
[Site "Caleta ENG"]
[Date "2010.01.27"]
[Round "2"]
[White "Vallejo Pons,F"]
[Black "Carlsson,P"]
[Result "1-0"]
[WhiteElo "2705"]
[BlackElo "2476"]
[EventDate "2010.01.26"]

1. e4 c5 2. Nf3 d6 3. d4 cxd4 4. Nxd4 Nf6 5. Nc3 g6 6. Be3 Bg7 7. f3 O-O 8.
Qd2 Nc6 9. g4 Be6 10. Nxe6 fxe6 11. O-O-O Ne5 12. Be2 Rc8 13. Nb5 Qd7 14.
Nd4 Nc4 15. Bxc4 Rxc4 16. Kb1 Rfc8 17. c3 b5 18. Rc1 a5 19. h4 b4 20. cxb4
Rxb4 21. a3 Rbc4 22. Rxc4 Rxc4 23. Qxa5 Rc5 24. Qb4 Kf7 25. Rd1 Qc8 26.
Nxe6 Qxe6 27. Bxc5 dxc5 28. Qb5 c4 29. e5 Ne8 30. f4 c3 31. Qd5 Nc7 32.
Qxe6+ Kxe6 33. a4 Nd5 34. a5 h5 35. g5 cxb2 36. a6 Nb6 37. Rd8 1-0

[Event "8th Gibtelecom Masters"]
[Site "Caleta ENG"]
[Date "2010.01.27"]
[Round "2"]
[White "Kamsky,G"]
[Black "Arakhamia Grant,K"]
[Result "1-0"]
[WhiteElo "2693"]
[BlackElo "2470"]
[EventDate "2010.01.26"]

1. e4 c5 2. Nf3 g6 3. c4 Nc6 4. d4 cxd4 5. Nxd4 Nf6 6. Nc3 Nxd4 7. Qxd4 d6
8. Be2 Bg7 9. O-O O-O 10. Qd3 Be6 11. Bd2 Nd7 12. b3 Ne5 13. Qg3 Nc6 14.
Rac1 Nd4 15. Bd3 a6 16. Nd5 b5 17. Rfe1 Ra7 18. h4 Kh8 19. Qe3 Bxd5 20.
exd5 e5 21. dxe6 fxe6 22. Qe4 bxc4 23. bxc4 Raf7 24. h5 Rxf2 25. Be3 Qf6
26. h6 Bxh6 27. Bxd4 e5 28. Be3 Bxe3 29. Qxe3 Rxa2 30. Rf1 Qe7 31. Rxf8+
Qxf8 32. c5 1-0

[Event "8th Gibtelecom Masters"]
[Site "Caleta ENG"]
[Date "2010.01.27"]
[Round "2"]
[White "Siebrecht,S"]
[Black "Fressinet,L"]
[Result "0-1"]
[WhiteElo "2468"]
[BlackElo "2670"]
[EventDate "2010.01.26"]

1. d4 d5 2. c4 c6 3. Nc3 Nf6 4. Nf3 e6 5. Qd3 dxc4 6. Qxc4 b5 7. Qd3 Nbd7
8. g3 Bb7 9. Bg2 a6 10. O-O c5 11. b3 Qb6 12. Be3 Be7 13. Rac1 O-O 14. dxc5
Bxc5 15. Bxc5 Nxc5 16. Qd4 b4 17. Nd1 Rac8 18. Ne3 Nfe4 19. Nc4 Qc7 20. Qb2
Nc3 21. Rc2 a5 22. Re1 Rfd8 23. Rd2 Ba6 24. Rxd8+ Rxd8 25. Nfd2 N5a4 26.
Qc2 Nb6 27. Be4 Nxc4 28. Nxc4 Bxc4 29. bxc4 Qxc4 30. Bxh7+ Kh8 31. Bd3 Qxa2
32. Qc1 Rxd3 33. exd3 Ne2+ 34. Rxe2 Qxe2 35. Qc8+ Kh7 36. Qd8 Qd1+ 37. Kg2
Qh5 38. f3 b3 39. g4 Qd5 0-1

[Event "8th Gibtelecom Masters"]
[Site "Caleta ENG"]
[Date "2010.01.27"]
[Round "2"]
[White "Zhukova,N"]
[Black "Cheparinov,I"]
[Result "1/2-1/2"]
[WhiteElo "2462"]
[BlackElo "2660"]
[EventDate "2010.01.26"]

1. d4 Nf6 2. c4 g6 3. f3 Bg7 4. e4 d6 5. Nc3 O-O 6. Bg5 c5 7. d5 a6 8. a4
h6 9. Be3 e6 10. Qd2 exd5 11. cxd5 Re8 12. Nge2 Nbd7 13. Nd1 Ne5 14. Nec3
Nh5 15. Bxh6 Qh4+ 16. Nf2 Bxh6 17. Qxh6 f5 18. Qd2 f4 19. O-O-O b5 20. axb5
Qd8 21. Be2 axb5 22. g4 Ng7 23. Qxf4 b4 24. Nb1 c4 25. Qe3 c3 26. f4 cxb2+
27. Kd2 Nd7 28. h4 Nc5 29. h5 gxh5 30. f5 Ra3 31. Qh6 Nxe4+ 32. Nxe4 Rxe4
33. f6 Qc7 34. Qxg7+ Qxg7 35. fxg7 Rg3 36. Rdg1 Rxg1 37. Rxg1 hxg4 38. Bd3
Re5 39. Kc2 Kxg7 40. Bc4 Kf6 41. Nd2 Bb7 42. Rxg4 Bxd5 43. Bd3 b3+ 44. Kxb2
Re3 45. Bb5 Be6 46. Ra4 Rh3 47. Ra6 Ke5 48. Nc4+ Kd4 49. Rxd6+ Kc5 50. Rxe6
Kxb5 51. Ne3 Kc5 52. Re4 Rg3 53. Kxb3 Rh3 54. Kc3 Rg3 55. Re5+ Kd6 56. Kd4
Rg1 57. Nc4+ Kd7 58. Rh5 Rd1+ 59. Kc5 Ke6 60. Rh6+ Kf5 61. Ne3+ Kg5 62. Rh8
Ra1 63. Kd4 Kf6 64. Nd5+ Kf5 65. Rf8+ Kg6 66. Ke4 Re1+ 67. Ne3 Kg7 68. Rf3
Ra1 69. Ke5 Ra5+ 70. Nd5 Kg6 71. Rf1 Kg7 72. Rb1 Kf7 73. Rb6 Kg7 74. Rd6
Ra1 75. Rd7+ Kf8 76. Rb7 Re1+ 77. Kf5 Rf1+ 78. Nf4 Ke8 79. Ke6 Re1+ 80. Kd6
Rd1+ 81. Nd5 Kf8 82. Rb3 Kf7 83. Rf3+ Kg7 84. Ke6 Re1+ 85. Ne3 Re2 86. Rg3+
Kf8 87. Kf6 Ra2 88. Nf5 Ra6+ 89. Ke5 Ra1 90. Rb3 Ra5+ 91. Ke6 Ra6+ 92. Nd6
Kg7 93. Rg3+ Kh6 94. Rg1 Kh5 95. Kf5 Ra5+ 96. Kf4 Ra4+ 97. Ne4 Kh6 98. Kf5
1/2-1/2

[Event "8th Gibtelecom Masters"]
[Site "Caleta ENG"]
[Date "2010.01.27"]
[Round "2"]
[White "Fridman,D2"]
[Black "Zatonskih,A"]
[Result "1-0"]
[WhiteElo "2654"]
[BlackElo "2466"]
[EventDate "2010.01.26"]

1. d4 Nf6 2. Bg5 e6 3. Nf3 c5 4. e3 h6 5. Bh4 b6 6. c4 cxd4 7. exd4 Be7 8.
Bd3 Bb7 9. O-O O-O 10. Nc3 d5 11. Ne5 dxc4 12. Bxc4 Nbd7 13. Re1 Rc8 14.
Bb3 Nxe5 15. dxe5 Nd7 16. Bg3 Nc5 17. Bc2 a6 18. Qe2 Re8 19. Rac1 Bh4 20.
Rcd1 Qe7 21. Rd6 Bxg3 22. hxg3 b5 23. a3 Nd7 24. Red1 Nf8 25. Be4 Rc5 26.
f4 Rec8 27. Kh2 Rc4 28. Qf3 Bxe4 29. Nxe4 Qa7 30. Rd8 Rxd8 31. Rxd8 Rc1 32.
Nf2 Rc2 33. Qd3 Qc7 34. Ne4 Rxb2 35. Qd6 Qxd6 36. exd6 Rb1 37. d7 Rd1 38.
Nc5 1-0

[Event "8th Gibtelecom Masters"]
[Site "Caleta ENG"]
[Date "2010.01.27"]
[Round "2"]
[White "Boskovic,D"]
[Black "Gustafsson,J"]
[Result "0-1"]
[WhiteElo "2454"]
[BlackElo "2627"]
[EventDate "2010.01.26"]

1. e4 e5 2. Nf3 Nc6 3. Bc4 Nf6 4. d3 Be7 5. Nc3 d6 6. h3 Na5 7. Bb3 O-O 8.
O-O c6 9. d4 Qc7 10. Be3 Re8 11. Re1 Nxb3 12. axb3 b5 13. b4 Bf8 14. Bg5
Nd7 15. Qd3 Bb7 16. d5 a6 17. dxc6 Bxc6 18. Nd5 Qb7 19. Red1 Bxd5 20. Qxd5
Qxd5 21. Rxd5 h6 22. Be3 Nf6 23. Rd3 d5 24. Rda3 d4 25. Bd2 Nxe4 26. Be1
Re6 27. Ra5 Rc8 28. Rxa6 Rxa6 29. Rxa6 f6 30. c3 dxc3 31. bxc3 Nxc3 32.
Bxc3 Rxc3 33. Rb6 Rc1+ 34. Kh2 Rc2 35. Kg3 Bxb4 36. Rxb5 Bc5 37. Rb8+ Kh7
38. Rd8 Bxf2+ 0-1

[Event "8th Gibtelecom Masters"]
[Site "Caleta ENG"]
[Date "2010.01.27"]
[Round "2"]
[White "Bellon Lopez,JuM"]
[Black "Edouard,R"]
[Result "0-1"]
[WhiteElo "2440"]
[BlackElo "2608"]
[EventDate "2010.01.26"]

1. d4 Nf6 2. Bg5 Ne4 3. Bh4 c5 4. f3 g5 5. fxe4 gxh4 6. Nc3 cxd4 7. Qxd4
Rg8 8. e5 Nc6 9. Qe4 d5 10. exd6 Qxd6 11. Rd1 Qb4 12. Qxb4 Nxb4 13. Nb5 Na6
14. Nf3 Bh6 15. Kf2 Bd7 16. e3 Rc8 17. Nxa7 Rxc2+ 18. Rd2 Rxd2+ 19. Nxd2
Rg5 20. Bxa6 bxa6 21. Rc1 h3 22. gxh3 Bxh3 23. Nc4 Be6 24. Nc6 Bd5 25. N6a5
Rg2+ 26. Ke1 Rxh2 27. Rc3 f6 28. a4 Bf3 29. Nd2 Re2+ 30. Kd1 Bg4 0-1

[Event "8th Gibtelecom Masters"]
[Site "Caleta ENG"]
[Date "2010.01.27"]
[Round "2"]
[White "Istratescu,A"]
[Black "Hirneise,T"]
[Result "0-1"]
[WhiteElo "2607"]
[BlackElo "2421"]
[EventDate "2010.01.26"]

1. c4 c5 2. Nc3 g6 3. g3 Bg7 4. Bg2 Nc6 5. Nf3 e5 6. O-O Nge7 7. Ne1 O-O 8.
Nc2 d6 9. d3 Be6 10. Ne3 Rb8 11. Ned5 Qd7 12. Bg5 f6 13. Bd2 Bh3 14. Nxe7+
Nxe7 15. e4 Bxg2 16. Kxg2 a6 17. a4 b6 18. Rb1 a5 19. h4 f5 20. f3 Rf7 21.
b3 Rbf8 22. Rf2 f4 23. Qh1 fxg3 24. Kxg3 h5 25. Rbf1 Nc6 26. Be3 Nd4 27.
Bxd4 cxd4 28. Nd5 Bh6 29. Kh2 Bf4+ 30. Nxf4 Rxf4 31. Kg1 Kh7 32. Rh2 Qg4+
33. fxg4 Rxf1+ 34. Kg2 Rxh1 35. Rxh1 hxg4 36. b4 Rf3 37. bxa5 bxa5 38. c5
dxc5 39. Rc1 Kh6 40. Rxc5 Kh5 41. Rxe5+ Kxh4 42. Re8 Rxd3 43. Rh8+ Kg5 44.
e5 Kf5 45. Ra8 Kxe5 46. Rxa5+ Kf4 0-1

[Event "8th Gibtelecom Masters"]
[Site "Caleta ENG"]
[Date "2010.01.27"]
[Round "2"]
[White "Geetha Narayanan Gopal"]
[Black "Nezad,H"]
[Result "1-0"]
[WhiteElo "2584"]
[BlackElo "2408"]
[EventDate "2010.01.26"]

1. e4 e5 2. Nf3 Nc6 3. Bb5 Nge7 4. O-O g6 5. c3 a6 6. Bc4 b5 7. Bb3 Bg7 8.
d4 exd4 9. cxd4 O-O 10. Nc3 Na5 11. Bc2 d6 12. h3 c5 13. Bg5 h6 14. Bh4 g5
15. Bg3 cxd4 16. Nxd4 Nc4 17. Rb1 Bb7 18. Nd5 Bxd5 19. exd5 Qb6 20. Qd3
Rfe8 21. Rfd1 Bxd4 22. Qxd4 Qxd4 23. Rxd4 Rac8 24. Re1 Kg7 25. Bd3 Nxb2 26.
Bxd6 Nxd3 27. Rxd3 Ng6 28. Rxe8 Rxe8 29. Bc7 Re1+ 30. Kh2 Ne5 31. Ra3 Nc4
32. Rxa6 Rd1 33. d6 Nd2 34. Kg3 f5 35. f3 Nf1+ 36. Kf2 f4 37. Ke2 Ne3 38.
Ba5 Kf7 39. Ra7+ Ke6 40. Re7+ 1-0

[Event "8th Gibtelecom Masters"]
[Site "Caleta ENG"]
[Date "2010.01.27"]
[Round "2"]
[White "Halkias,S"]
[Black "Houska,Jo"]
[Result "1-0"]
[WhiteElo "2566"]
[BlackElo "2401"]
[EventDate "2010.01.26"]

1. d4 d5 2. c4 c6 3. Nc3 Nf6 4. Bg5 e6 5. e3 Be7 6. Nf3 h6 7. Bh4 O-O 8.
Bd3 dxc4 9. Bxc4 Nbd7 10. O-O b5 11. Bd3 Bb7 12. Rc1 a6 13. a4 Rc8 14. Qe2
b4 15. Bxf6 Nxf6 16. Ne4 Nxe4 17. Bxe4 Bd6 18. Rc2 Qa5 19. b3 f5 20. Bd3 c5
21. Bc4 Rf6 22. dxc5 Rxc5 23. Rd2 Bb8 24. Rfd1 Kh7 25. Rd7 Rc7 26. Rd8 Rc8
27. Rxc8 Bxc8 28. e4 Bb7 29. exf5 e5 30. Rd7 Bc6 31. Ng5+ Kh8 32. Nf7+ Kh7
33. Rd8 Rxf7 34. Rxb8 Rxf5 35. Bg8+ Kg6 36. Qg4+ Rg5 37. Qe6+ 1-0

[Event "8th Gibtelecom Masters"]
[Site "Caleta ENG"]
[Date "2010.01.27"]
[Round "2"]
[White "Battaglini,G"]
[Black "Lenderman,A"]
[Result "1-0"]
[WhiteElo "2411"]
[BlackElo "2560"]
[EventDate "2010.01.26"]

1. d4 Nf6 2. c4 e6 3. Nc3 Bb4 4. Qc2 Nc6 5. Nf3 d6 6. a3 Bxc3+ 7. Qxc3 a5
8. Bg5 h6 9. Bh4 a4 10. e3 Qe7 11. Nd2 e5 12. d5 Nb8 13. Bd3 Na6 14. f4 Nc5
15. O-O O-O 16. Bc2 Re8 17. fxe5 Qxe5 18. Qxe5 Rxe5 19. Bxf6 gxf6 20. Rxf6
Bd7 21. e4 Kg7 22. Raf1 Be8 23. R6f4 Ra6 24. Nf3 Re7 25. Rg4+ Kh8 26. Nd4
h5 27. Rg3 Nd7 28. Rh3 f6 29. Ne6 Nc5 30. e5 Rxe6 31. dxe6 dxe5 32. Rxf6
Kg7 33. Rf5 Rxe6 34. Rg3+ Kh6 35. Rf8 Bg6 36. Rh8+ Kg7 37. Rxh5 1-0

[Event "8th Gibtelecom Masters"]
[Site "Caleta ENG"]
[Date "2010.01.27"]
[Round "2"]
[White "Sachdev,T"]
[Black "Malakhatko,V"]
[Result "1/2-1/2"]
[WhiteElo "2398"]
[BlackElo "2549"]
[EventDate "2010.01.26"]

1. d4 Nf6 2. c4 e6 3. Nf3 b6 4. g3 Ba6 5. Qc2 Bb7 6. Bg2 Bb4+ 7. Bd2 c5 8.
Bxb4 cxb4 9. Nbd2 O-O 10. e4 Qc7 11. e5 Ne8 12. O-O f6 13. Rae1 Na6 14. Qb3
Rc8 15. a3 fxe5 16. Nxe5 Bxg2 17. Kxg2 bxa3 18. Qxa3 Nb8 19. b4 Nf6 20. Kg1
a6 21. Qd3 Nc6 22. Nxc6 Qxc6 23. Re5 Qd6 24. b5 axb5 25. Rxb5 Rc5 26. Rb3
Rh5 27. Ne4 Nxe4 28. Qxe4 Rhf5 29. f4 g5 30. Rbf3 gxf4 31. Rxf4 Rxf4 32.
Rxf4 Rxf4 33. gxf4 Qf8 1/2-1/2

[Event "8th Gibtelecom Masters"]
[Site "Caleta ENG"]
[Date "2010.01.27"]
[Round "2"]
[White "Bhat,V"]
[Black "Solomon,K"]
[Result "1/2-1/2"]
[WhiteElo "2540"]
[BlackElo "2368"]
[EventDate "2010.01.26"]

1. d4 Nf6 2. c4 e6 3. Nf3 b6 4. g3 Ba6 5. Qc2 Bb4+ 6. Bd2 Be7 7. e4 d5 8.
cxd5 Bxf1 9. Kxf1 exd5 10. e5 Ne4 11. Nc3 Nxc3 12. bxc3 Qd7 13. h4 h6 14.
Re1 Qe6 15. Ng1 Nc6 16. Ne2 O-O-O 17. Nf4 Qg4 18. Kg2 g5 19. hxg5 Bxg5 20.
Nh5 Bxd2 21. Qxd2 Ne7 22. Nf6 Qg5 23. Qxg5 hxg5 24. Rxh8 Rxh8 25. Rh1 Rxh1
26. Kxh1 c5 27. Kg2 cxd4 28. cxd4 Nf5 29. Kf3 Nxd4+ 30. Kg4 Nc6 31. Nxd5
Kd7 32. Kf5 b5 33. Kxg5 Nxe5 34. f4 Nc4 35. Kf6 Nd6 36. g4 a5 37. g5 b4 38.
f5 Ne4+ 39. Kxf7 Nxg5+ 40. Kg6 Nf3 41. f6 Kd6 42. Ne3 a4 43. Nc4+ Ke6 44.
Kg7 Nd4 45. f7 Nf5+ 1/2-1/2

[Event "8th Gibtelecom Masters"]
[Site "Caleta ENG"]
[Date "2010.01.27"]
[Round "2"]
[White "Saravanan,V1"]
[Black "Bindrich,F"]
[Result "0-1"]
[WhiteElo "2356"]
[BlackElo "2512"]
[EventDate "2010.01.26"]

1. Nf3 d5 2. d4 Nf6 3. c4 e6 4. Nc3 dxc4 5. e3 a6 6. Bxc4 b5 7. Bd3 Bb7 8.
O-O Nbd7 9. Qe2 c5 10. Rd1 Qc7 11. e4 cxd4 12. Nxd4 Bd6 13. g3 b4 14. Na4
O-O 15. b3 Nc5 16. Nxc5 Bxc5 17. Bb2 Rfd8 18. Rac1 Qb6 19. Nc2 Rxd3 20.
Rxd3 Nxe4 21. Bd4 Qc6 22. Qf3 Be7 23. Bb2 Qb6 24. Qe3 Nc5 25. f3 Qa5 26.
Rd2 Qxa2 27. Nd4 Qa5 28. Nf5 Bf8 29. Nxg7 Nxb3 30. Qxb3 Bxg7 31. Bxg7 Kxg7
32. Rd4 Qb6 33. Qe3 Kf8 34. Kg2 Ke8 35. Rcd1 Qb5 36. Qd2 Bd5 37. Rxb4 Qc6
38. Qf4 a5 39. Rbd4 a4 40. Qf6 Ra5 41. R1d2 Qd6 42. Rg4 Qe7 43. Qh8+ Kd7
44. Qc3 Ra8 45. Rc2 Qd6 46. Rg7 e5 47. Rd2 Ke6 48. Qe3 Rd8 49. Rb2 h5 50.
Rh7 f6 51. Rb6 Bc6 52. Kh3 Rb8 53. Ra6 Rb3 54. Qc1 Kd5 55. Rh6 Bd7+ 56. Kh4
Qxa6 57. Qd2+ Rd3 0-1

[Event "8th Gibtelecom Masters"]
[Site "Caleta ENG"]
[Date "2010.01.27"]
[Round "2"]
[White "Kapnisis,S"]
[Black "Calzetta Ruiz,M"]
[Result "1-0"]
[WhiteElo "2510"]
[BlackElo "2359"]
[EventDate "2010.01.26"]

1. d4 Nf6 2. c4 c5 3. e3 g6 4. Nc3 Bg7 5. Nf3 O-O 6. Be2 cxd4 7. exd4 d5 8.
O-O Nc6 9. h3 b6 10. Ne5 Bb7 11. Bf3 e6 12. Bg5 h6 13. Bxf6 Bxf6 14. cxd5
Nxe5 15. dxe5 Bxe5 16. dxe6 Qxd1 17. exf7+ Kxf7 18. Bxd1 Rad8 19. Bb3+ Kg7
20. Rfe1 Rf5 21. g4 Bh2+ 22. Kf1 Re5 23. Rad1 Rxd1 24. Rxd1 Bc6 25. Bd5
Bxd5 26. Rxd5 Re7 27. Rd4 Rc7 28. Re4 Kf7 29. Kg2 Bd6 30. Nb5 Rc6 31. Rc4
1-0

[Event "8th Gibtelecom Masters"]
[Site "Caleta ENG"]
[Date "2010.01.27"]
[Round "2"]
[White "Sedina,E"]
[Black "Hoffmann,Micha1"]
[Result "0-1"]
[WhiteElo "2335"]
[BlackElo "2508"]
[EventDate "2010.01.26"]

1. e4 c5 2. Nf3 g6 3. d4 Bg7 4. c3 cxd4 5. cxd4 d5 6. exd5 Nf6 7. Bc4 O-O
8. Nc3 Nbd7 9. O-O Nb6 10. Bb3 Nbxd5 11. Re1 b6 12. Ne5 Bb7 13. Qf3 Rc8 14.
Qh3 a6 15. Bg5 Rc7 16. Rad1 b5 17. Ng4 Nxg4 18. Qxg4 Nxc3 19. bxc3 h6 20.
Bd2 Bd5 21. Qg3 Rb7 22. h4 Bxb3 23. axb3 Qd5 24. b4 Rc8 25. Bf4 h5 26. Bg5
Bf6 27. Bxf6 exf6 28. Rd3 Kg7 29. Qf4 Rbc7 30. Rf3 Rc6 31. Re7 Qd8 32. Ree3
Rc4 33. Qe4 a5 34. bxa5 b4 35. cxb4 Rxd4 36. Qe7 Rxh4 37. Rh3 Rc1+ 38. Kh2
Qb8+ 39. Reg3 Rg4 40. a6 Ra1 41. Qe2 Rxg3 42. fxg3 Qb6 43. g4 Qg1+ 44. Kg3
Ra3+ 45. Kh4 g5+ 46. Kxh5 Rxh3+ 47. gxh3 Qg3 0-1

[Event "8th Gibtelecom Masters"]
[Site "Caleta ENG"]
[Date "2010.01.27"]
[Round "2"]
[White "Dzagnidze,N"]
[Black "Nadig,K"]
[Result "1-0"]
[WhiteElo "2506"]
[BlackElo "2240"]
[EventDate "2010.01.26"]

1. d4 d5 2. c4 c6 3. Nf3 Nf6 4. Nc3 dxc4 5. a4 e6 6. e3 c5 7. Bxc4 Nc6 8.
O-O cxd4 9. exd4 Be7 10. Be3 O-O 11. Ne5 Nd5 12. Nxd5 exd5 13. Bd3 g6 14.
f4 Bf6 15. Rc1 Qb6 16. Qd2 Ne7 17. b4 Qd6 18. g4 a6 19. f5 Re8 20. Rce1 Nc6
21. Nxf7 Qxb4 22. fxg6 Qxd2 23. Bxd2 Rxe1 24. gxh7+ Kxf7 25. Bxe1 Bxg4 26.
Bh4 Nb4 27. Bb1 Be2 28. Rxf6+ Kg7 29. Rg6+ Kf7 30. Rf6+ Kg7 31. Rb6 Nd3 32.
Rxb7+ Kg6 33. Rb3 1-0

[Event "8th Gibtelecom Masters"]
[Site "Caleta ENG"]
[Date "2010.01.27"]
[Round "2"]
[White "Gandrud,V"]
[Black "Javakhishvili,L"]
[Result "1/2-1/2"]
[WhiteElo "2158"]
[BlackElo "2493"]
[EventDate "2010.01.26"]

1. d4 Nf6 2. c4 e6 3. Nf3 b6 4. g3 Ba6 5. Qc2 Bb7 6. Bg2 Bb4+ 7. Nbd2 Be4
8. Qb3 Bxd2+ 9. Bxd2 O-O 10. O-O d6 11. Rfd1 h6 12. Qe3 a5 13. Bc3 Nbd7 14.
b3 Qe7 15. Bh3 Rfe8 16. Rac1 Ra6 17. Bb2 c5 18. Nd2 Bg6 19. Bg2 a4 20. Nb1
Bxb1 21. Rxb1 Rd8 22. Qc3 Nb8 23. b4 cxd4 24. Rxd4 Ra7 25. Rd2 Ne8 26. Rc1
Rc8 27. Qe3 Nd7 28. Ba3 Rac7 29. Rdc2 Qf6 30. Bb2 Qd8 31. Bd4 b5 32. c5
1/2-1/2

[Event "8th Gibtelecom Masters"]
[Site "Caleta ENG"]
[Date "2010.01.27"]
[Round "2"]
[White "Shankland,S"]
[Black "Haarr,J"]
[Result "1-0"]
[WhiteElo "2491"]
[BlackElo "2157"]
[EventDate "2010.01.26"]

1. d4 Nf6 2. Nf3 d5 3. c4 c6 4. e3 e6 5. b3 Nbd7 6. Bb2 Bb4+ 7. Nbd2 Ne4 8.
a3 Bd6 9. Nxe4 dxe4 10. Nd2 f5 11. Be2 O-O 12. O-O e5 13. c5 Bc7 14. Nc4
exd4 15. Qxd4 Nf6 16. Nd6 Bxd6 17. cxd6 Be6 18. Bc4 Bd5 19. Bxd5+ cxd5 20.
a4 Rf7 21. Ba3 Qd7 22. Rac1 f4 23. exf4 Qg4 24. Rc7 Rxc7 25. dxc7 Qxf4 26.
Rc1 Rc8 27. Rc3 h6 28. h3 Kh7 29. Be7 Ne8 30. Qxd5 Nxc7 31. Qd6 g5 32. Qd7
Qd2 33. Qxd2 1-0